|
|
|
|
| LEADER |
00000nam a22000007i 4500 |
| 001 |
IT\ICCU\UBO\3707362 |
| 003 |
ItRI |
| 005 |
20260115231816.0 |
| 008 |
091019s1999 xxk|||||| ||||| |||||c |
| 020 |
|
|
|a 0340715634
|
| 040 |
|
|
|b ita
|c importazione bologna sebina
|
| 041 |
|
7 |
|a eng
|2 ISO-639-2
|
| 100 |
1 |
|
|a Duffy, Stella
|0 IT\ICCU\REAV\096388
|4 aut
|
| 245 |
1 |
0 |
|a Eating cake /
|c Stella Duffy.
|
| 260 |
|
|
|a London :
|b Sceptre,
|c c1999
|
| 300 |
|
|
|a 281 p. ;
|c 20 cm.
|
| 942 |
|
|
|2 ddc
|c BK
|n 0
|
| 952 |
|
|
|0 0
|1 0
|4 0
|6 L_823_914000000000000_DUF
|7 0
|9 13144
|a BO
|b BO
|d 2026-01-15
|i 13165
|l 0
|o L 823.914 DUF
|p BO13165
|r 2026-01-15 23:18:16
|w 2026-01-15
|x [Sebina 5] [1 v.]
|y BK
|z 1 v.
|
| 999 |
|
|
|c 11271
|d 11271
|